00631nam a22001697a 4500008004100000040005500041080002800096100002100124245004200145260005000187300001100237650001300248653001400261942001200275999001700287952015700304230515b |||||||| |||| 00| 0 eng d aNational Science LibrarycNational Science Library a551.4.035(1-925.36)bN1 aNegi, S S 98946 aHimalayan rivers, lakes and glaciers  aNew Delhi: bIndus Publishing Company, c1991 a182p.  aGeology  aRegional  2udccBK c30041d30041 00102udc4065514035192536_N170945215aNSLbNSLcGF/Rk-9/C-22/R-5d2023-05-15l0o551.4.035(1-925.36) N1p172696r2023-05-15 00:00:00w2023-05-15yBK